Công nghệ kim loại. t.II, Gia công bằng áp lực hàn. /
Kaydedildi:
| Yazar: | |
|---|---|
| Diğer Yazarlar: | , , , , |
| Materyal Türü: | Sách giấy |
| Dil: | Vietnamese |
| Baskı/Yayın Bilgisi: |
H. :
Đại học và Trung học Chuyên nghiệp,
1972.
|
| Etiketler: |
Etiketle
Etiket eklenmemiş, İlk siz ekleyin!
|
| Thư viện lưu trữ: | Thư viện Trường Đại học Đà Lạt |
|---|
| LEADER | 00954nam a2200361 4500 | ||
|---|---|---|---|
| 001 | DLU140159006 | ||
| 005 | ##20140120 | ||
| 040 | # | # | |a DLU |b vie |
| 041 | # | # | |a vie |
| 044 | # | # | |a vn |
| 082 | # | # | |a 699 |b Con |
| 100 | # | # | |a Trần Hữu Tường. |
| 245 | # | # | |a Công nghệ kim loại. |n t.II, |p Gia công bằng áp lực hàn. / |c Trần Hữu Tường, ...[và những người khác]. |
| 260 | # | # | |a H. : |b Đại học và Trung học Chuyên nghiệp, |c 1972. |
| 300 | # | # | |a 286 tr. ; |c 27 cm. |
| 700 | # | # | |a Đinh Công Mễ. |
| 700 | # | # | |a Lê Viết Ngưu. |
| 700 | # | # | |a Nguyễn Văn Siêm. |
| 700 | # | # | |a Trần Hữu Tường. |
| 700 | # | # | |a Trần Tại. |
| 700 | # | # | |a Vũ Công Luận. |
| 923 | # | # | |a TL |
| 990 | # | # | |a t.II |
| 991 | # | # | |a SH |
| 992 | # | # | |a 882 |
| 994 | # | # | |a DLU |
| 900 | # | # | |a True |
| 911 | # | # | |a Trương Thị Mỹ Lệ |
| 925 | # | # | |a G |
| 926 | # | # | |a A |
| 927 | # | # | |a SH |
| 980 | # | # | |a Thư viện Trường Đại học Đà Lạt |